Statistics for easy quiz

Click here to take the quiz!

General Stats

  • This quiz has been taken 41 times
  • The average score is 3 of 14

Answer Stats

QuestionAnswer% Correct
12incorrect
37%
14incorrect
33%
8incorrect
27%
101incorrect
27%
13incorrect
27%
15incorrect
27%
4389incorrect
23%
gfdgincorrect
20%
!incorrect
17%
10incorrect
17%
9incorrect
13%
11incorrect
13%
4incorrect
10%
7incorrect
7%

Score Distribution

Percentile by Number Answered

Percent of People with Each Score

Your Score History

You have not taken this quiz